NFL Teams by Colors - Statistics

General Stats
  • This quiz has been taken 551 times
  • The average score is 18 of 32
Answer Stats
Picture Answer % Correct
Miami Dolphins
84%
San Francisco 49ers
83%
Minnesota Vikings
80%
Houston Texans
79%
Cleveland Browns
75%
Chicago Bears
70%
Baltimore Ravens
69%
Seattle Seahawks
69%
Green Bay Packers
66%
Los Angeles Chargers
65%
Cincinnati Bengals
62%
Denver Broncos
62%
New England Patriots
62%
New Orleans Saints
62%
Philadelphia Eagles
61%
Washington Commanders
60%
Los Angeles Rams
58%
Kansas City Chiefs
56%
Las Vegas Raiders
56%
Detroit Lions
54%
New York Jets
52%
Dallas Cowboys
50%
Jacksonville Jaguars
50%
Tennessee Titans
48%
Pittsburgh Steelers
44%
Atlanta Falcons
43%
Buffalo Bills
40%
New York Giants
39%
Arizona Cardinals
32%
Carolina Panthers
32%
Indianapolis Colts
32%
Tampa Bay Buccaneers
22%
No matching quizzes found
Score Distribution
Percent of People with Each Score
Percentile by Number Answered
Your Score History
You have not taken this quiz